Sports Quiz

Random Sports or Football Quiz

UEFA Champions League Knock-Out Goalscorers Quiz Stats

 Plays Quiz not verified by Sporcle

Also try: MLB Team Leaders
Challenge
Share
Tweet
Embed
Score 0/181 Timer 20:00
0 Plays Today
Goals Player % Correct
26Lionel Messi
100%
20Cristiano Ronaldo
99.5%
5Ronaldo
99.5%
18Raúl
96.8%
12Thierry Henry
96.8%
13Didier Drogba
96.7%
17Andriy Shevchenko
96.2%
15Frank Lampard
96.2%
9Samuel Eto'o
95.8%
14Wayne Rooney
95.2%
9Arjen Robben
95.2%
8Zinedine Zidane
92.2%
6Ryan Giggs
92%
16Filippo Inzaghi
91.3%
8Michael Ballack
91.2%
6Steven Gerrard
91.2%
10Kaká
90.2%
6Karim Benzema
90.2%
8Alessandro Del Piero
89.5%
7Emmanuel Adebayor
89.5%
6Fernando Torres
89.3%
6Ruud van Nistelrooy
87.5%
9Fernando Morientes
86.3%
4Andrés Iniesta
85.3%
4Xavi
84.2%
5Paul Scholes
83.8%
5Luís Figo
83.3%
7Diego Milito
83.2%
8Mario Gómez
82.5%
4Zlatan Ibrahimović
81.7%
8Jari Litmanen
81.5%
4Ole Gunnar Solskjær
80.2%
5Hernán Crespo
79.5%
6David Trézéguet
79.3%
4Thomas Müller
78.8%
2Andy Cole
78.8%
2Joe Cole
78.7%
3David Villa
78.2%
5Robin van Persie
77.8%
5Franck Ribéry
77.2%
5Ronaldinho
76.7%
3Javier Hernández
75.8%
2Roy Keane
75.8%
3Diego Forlán
75%
4David Beckham
74.5%
5Dirk Kuyt
73.3%
3Dwight Yorke
72.8%
3Deco
72.2%
2Andrea Pirlo
71.8%
4Park Ji-Sung
71.5%
2Xabi Alonso
70.8%
7Ivica Olić
70%
3Pavel Nedvěd
70%
5Michael Essien
69.8%
4Pedro
68.7%
3Salomon Kalou
68.2%
5Juninho
67.8%
3Branislav Ivanović
67.2%
3Cesc Fàbregas
66.2%
3Eiður Guðjohnsen
66.2%
3Wesley Sneijder
66.2%
Goals Player % Correct
2Bastian Schweinsteiger
66.2%
3Sami Hyypiä
65.8%
6Élber
65.7%
5Luis García
65.2%
4Patrick Kluivert
65.2%
3Miroslav Klose
64.3%
4Claudio Pizarro
63.8%
4Nicklas Bendtner
63.7%
2Nani
63.5%
2Alexis Sánchez
62.7%
3Clarence Seedorf
62.5%
4Nicolas Anelka
61.5%
4Adriano
61.2%
2Juan Sánchez
61.2%
2Rivaldo
61.2%
5Lisandro López
61%
2Dani Alves
61%
3Tore André Flo
60.8%
3Gerard
59.8%
2Roy Makaay
59.8%
2David Silva
59.5%
2Claudio López
59.2%
3Carlos Tévez
59%
2Kolo Touré
58.8%
2Roberto Carlos
58.7%
2John Terry
58.2%
3Ludovic Giuly
57.7%
4Lúcio
57.3%
2Anderson
57.3%
3John Arne Riise
55.8%
3Ezequiel Lavezzi
55.8%
4Alex
55.3%
3Peter Crouch
54.5%
3Ángel di María
54%
5Christian Vieri
53.3%
4Seydou Keita
52.7%
3Frank de Boer
52.2%
2Ronald de Boer
52.2%
3Dejan Stanković
52%
2Hristo Stoichkov
51.3%
2Robert Pirès
51.3%
2Benni McCarthy
51%
3Obafemi Martins
50.7%
2Gerard Piqué
50%
3Mark van Bommel
49.5%
3Marouane Chamakh
49.3%
4Philip Cocu
49.2%
2Florent Malouda
49.2%
6Sylvain Wiltord
49%
4Gaizka Mendieta
48.7%
2Alan Smith
48%
2Luca Toni
47.7%
2Predrag Mijatović
47.5%
2Robinho
47.5%
2Steve McManaman
47.5%
2Esteban Cambiasso
46.8%
3Jardel
46.2%
5Stefan Effenberg
45%
2Jefferson Farfán
44.8%
2Jon Dahl Tomasson
44.2%
2Theo Walcott
43.3%
Goals Player % Correct
2Dado Pršo
43.2%
2Ricardo Costa
42.3%
3Mirko Vučinić
41.7%
3Carsten Jancker
41.5%
2Javier Saviola
40.8%
3Mehmet Scholl
39.5%
2Michael Carrick
39.3%
2Maicon
37.3%
2Ryan Babel
37%
3Walter Pandiani
36.8%
3Lars Ricken
36.3%
3Karl-Heinz Riedle
35.8%
3Johan Micoud
35.5%
2Stevan Jovetić
35.5%
2Willian
35.5%
5Ivan Helguera
35%
2Lukas Podolski
35%
2Daniel Van Buyten
34.3%
2Oliver Neuville
33.7%
2Mahamadou Diarra
33.3%
2Luis Enrique
33%
2Gianluca Vialli
32.8%
2Maniche
32%
3Mario Basler
31.8%
2Edu
30.8%
2Sol Campbell
28%
3Antonio Conte
27.8%
3Paulo Sérgio
26.7%
2Marcel Desailly
25.8%
3Daniele Massaro
24.8%
2Marcelo
24.7%
2Marco Simone
24.7%
2Mancini
22.5%
2Marcelo Zalayeta
22.3%
3Miguel Angel Angulo
22%
3Christian Karembeu
21.2%
2Peter Løvenkrands
21.2%
2Tiago
20.8%
2Darron Gibson
20.3%
2Djalminha
19%
2Costinha
18.8%
2Bojan
16.8%
3Krzysztof Warzycha
16.5%
4Nicola Amoruso
16%
2Raul Meireles
15.7%
2Jean Makoun
14.8%
3Deivid
14.3%
2Rodrigo Taddei
13%
2Cristian Tello
11.8%
2Valérien Ismaël
11.7%
2Albert Luque
11.2%
2Jan Vennegoor of Hesselink
9%
2Roman Shirokov
9%
2Maximiliano Pereira
8.7%
2Japhet N'Doram
7.5%
2Gustavo Manduca
5%
2Nicolas Ouédec
4.5%
2Rodolfo Arruabarrena
4.2%
2Yuri Nikiforov
1.3%

You're not logged in!

Compare scores with friends on all Sporcle quizzes.
Join for Free
OR
Log In

You Might Also Like...

Show Comments

Extras

Top Quizzes Today


Score Distribution

Your Account Isn't Verified!

In order to create a playlist on Sporcle, you need to verify the email address you used during registration. Go to your Sporcle Settings to finish the process.

Report this User

Report this user for behavior that violates our Community Guidelines.

Details: